书目信息 |
| 题名: |
大学物理(理论核心部分)
|
|
| 作者: | 李椿 , 夏学江 主编 | |
| 分册: | ||
| 出版信息: | 北京 高等教育出版社 1998.3 |
|
| 页数: | 196页 | |
| 开本: | 26cm | |
| 丛书名: | ||
| 单 册: | ||
| 中图分类: | O4 | |
| 科图分类: | ||
| 主题词: | 相对论--xiang dui lun--电视教育--教材 , 物理学--wu li xue--电视教育--教材 | |
| 电子资源: | ||
| ISBN: | 7-04-006151-1 | |
| 000 | 01101nam0 2200313 450 | |
| 000 | 01128nam0 2200313 450 | |
| 000 | 01091nam0 2200301 450 | |
| 000 | 01074nam0 2200301 450 | |
| 000 | 01037nam0 2200289 450 | |
| 001 | CAL 012006040450 | |
| 005 | 20061027144809.90 | |
| 010 | @a7-04-006151-1@dCNY17.00 | |
| 099 | @aCAL 012006040450 | |
| 100 | @a20060825e20051998em y0chiy0120 ea | |
| 101 | 0 | @achi |
| 102 | @aCN@b110000 | |
| 105 | @ay z 000yy | |
| 200 | 1 | @a大学物理(理论核心部分)@Ada xue wu li ( li lun he xin bu fen )@e波动·波和粒子·狭义相对论@f李椿, 夏学江主编 |
| 210 | @a北京@c高等教育出版社@d1998.3@h2005.12重印 | |
| 215 | @a196页@d26cm | |
| 330 | @a本书主要包括: 波动; 光波; 波和粒子; 经典力学; 狭义相对论; 相宜相对论的实验检验等内容。 | |
| 517 | 1 | @a波动·波和粒子·狭义相对论@Abo dong· bo he li zi· xia yi xiang dui lun |
| 606 | 0 | @a相对论@Axiang dui lun@x电视教育@j教材 |
| 606 | 0 | @a物理学@Awu li xue@x电视教育@j教材 |
| 690 | @aO4@v4 | |
| 701 | 0 | @a李椿@Ali chun@4主编 |
| 701 | 0 | @a夏学江@Axia xue jiang@4主编 |
| 801 | 0 | @aCN@c20061027 |
| 905 | @a10447@dO4@eL135 | |
| 大学物理(理论核心部分):波动·波和粒子·狭义相对论/李椿, 夏学江主编.-北京:高等教育出版社,1998.3(2005.12重印) |
| 196页;26cm |
| ISBN 7-04-006151-1:CNY17.00 |
| 本书主要包括: 波动; 光波; 波和粒子; 经典力学; 狭义相对论; 相宜相对论的实验检验等内容。 |
| ● |
| 相关链接 |
|
|
|
正题名:大学物理(理论核心部分)
索取号:O4/L135
 
预约/预借
| 序号 | 登录号 | 条形码 | 馆藏地/架位号 | 状态 | 备注 |
| 1 | 631776 | 206317760 | 自科库401/401自科库 54排1列3层/ [索取号:O4/L135] | 在馆 | |
| 2 | 631777 | 206317779 | 自科库401/401自科库 54排1列3层/ [索取号:O4/L135] | 在馆 | |
| 3 | 631778 | 206317788 | 自科库401/401自科库 54排1列3层/ [索取号:O4/L135] | 在馆 |